Tin học văn phòng: Microsoft Power Point phiên bản mới nhất

Sách bao gồm 13 chương đề cập những nội dung như: những kỹ thuật cơ bản trong Microsoft Power Point, làm việc trong các chương trình, khái quát về Microsoft Powerpoint, xây dựng trình diễn, tạo đề cương trình diễn, tạo Slide văn bản, tạo Slide biể...

Ausführliche Beschreibung

Gespeichert in:
Bibliographische Detailangaben
Format: Buch
Sprache:Undetermined
Veröffentlicht: Hà Nội Thống Kê 2006
Schlagworte:
Tags: Tag hinzufügen
Keine Tags, Fügen Sie den ersten Tag hinzu!
Thư viện lưu trữ: Trung tâm Học liệu Trường Đại học Cần Thơ
LEADER 01113nam a2200181Ia 4500
001 CTU_110516
008 210402s9999 xx 000 0 und d
020 |c 26000 
082 |a 005.3 
082 |b T311 
245 0 |a Tin học văn phòng: Microsoft Power Point phiên bản mới nhất 
260 |a Hà Nội 
260 |b Thống Kê 
260 |c 2006 
520 |a Sách bao gồm 13 chương đề cập những nội dung như: những kỹ thuật cơ bản trong Microsoft Power Point, làm việc trong các chương trình, khái quát về Microsoft Powerpoint, xây dựng trình diễn, tạo đề cương trình diễn, tạo Slide văn bản, tạo Slide biểu đồ, định dạng biểu đồ, tạo biểu đồ tổ chức và bảng, sửa đổi trình diễn theo ý riêng, vẽ trên Slide, tạo Slide show, PowerPoint và Web. 
650 |a Office ( computer programs ),Powerpoint ( computer program language ) 
904 |i Mai Loan 
980 |a Trung tâm Học liệu Trường Đại học Cần Thơ